Universidad de Chile: forjando la identidad nacional

Gorde:
Xehetasun bibliografikoak
Formatua: Liburua
Hizkuntza:gaztelania
Argitaratua: Santiago Organización Tres 1992
Gaiak:
Etiketak: Etiketa erantsi
Etiketarik gabe, Izan zaitez lehena erregistro honi etiketa jartzen!

MARC

LEADER 00000nam a2200000 a 4500
001 UCT3369
003 CL-VaPUC
008 961018e19920000CL |||||||||||||||||spa|d
082 0 4 |a 378  |b UNI  |2 21 
245 1 0 |a Universidad de Chile: forjando la identidad nacional 
300 |a 104 p 
942 |c BK 
945 |d 19961018 00:00:00  |a lriquelm 
260 |a Santiago  |b Organización Tres  |c 1992 
600 0 |a Universidad de Chile  |9 257231 
650 0 |a Educación superior   |9 223851 
650 0 |a Historia  |9 255047 
650 0 |a Universidades  |9 256317 
651 7 |a CHILE  |2 CL-VaPUC  |9 372303 
583 |a last modification  |c 19961018 00:00:00  |k Rodrigo Vera 
999 |c 253048  |d 253046 
952 |0 0  |1 0  |4 0  |6 378_000000000000000_UNI_1992  |7 0  |8 A  |9 273474  |a BIBCUR  |b BIBCUR  |d 2019-11-19  |i 1774557  |o 378 UNI 1992  |p 1774557  |r 2025-04-22  |w 2019-11-19  |y BK  |k BCB